Biblioteca ESET

Multibloc : (Registro nro. 111)

Detalles MARC
000 -CABECERA
fixed length control field 01099Cam#a2200265#a#4500
005 - FECHA Y HORA DE LA ULTIMA TRANSACCION
control field 20220224182327.0
008 - ELEMENTOS DE LONGITUD FIJA-INFORMACION GENERAL
fixed length control field 160309s2012||||ag abo j#f #000|0#spa#d
020 ## - NUMERO INTERNACIONAL NORMALIZADO PARA LIBROS
Número Internacional Normalizado del libro 9789501303803
040 ## - FUENTE DE CATALOGACION
Agencia de catalogación original AR-BeUNQ
Idioma de catalogación ESPAÑOL
082 04 - NUMERO DE CLASIFICACION DECIMAL DEWEYMBER
Número de clasificación 507
Número de la edición 21
100 1# - ASIENTO PRINCIPAL-NOMBRE PERSONAL
Nombre personal Brito, Marisa do.
245 02 - MENCION DE TITULO
Título Multibloc :
Otra información sobre el título ciencias naturales.
Mención de responsabilidad, etc autoría, Marisa Do Brito.
Número de la parte/sección de la obra 1 /
260 ## - PUBLICACION, DISTRIBUCION, ETC.
Lugar de publicación, distribución, etc. Buenos Aires :
Nombre del editor, distribuidor, etc. Kapelusz,
Fecha de publicación, distribución, etc c2012.
300 ## - DESCRIPCION FISICA
Extensión 58 p. :
Otros detalles físicos il., fot., gráficos ;
Dimensiones 19 cm
490 1# - MENCION DE SERIE
Mención de serie Nuevos desafíos
500 ## - NOTA GENERAL
Nota general Material complementario de: Ciencias naturales. 1.
650 #7 - ASIENTO SECUNDARIO DE MATERIA - TERMINO TEMATICO
Término temático o nombre geográfico como elemento de entrada Ciencias físicas y naturales
Fuente del encabezamiento o términ spines
650 #7 - ASIENTO SECUNDARIO DE MATERIA - TERMINO TEMATICO
Término temático o nombre geográfico como elemento de entrada Enseñanza media
Fuente del encabezamiento o términ spines
650 #7 - ASIENTO SECUNDARIO DE MATERIA - TERMINO TEMATICO
Término temático o nombre geográfico como elemento de entrada Manuales
Fuente del encabezamiento o términ spines
830 #0 - ASIENTO SECUNDARIO DE SERIE--TITULO UNIFORME
Título uniforme Nuevos desafíos.
929 ## - DATOS DE ADQUISICION
Procedencia COMPRA
Proveedor El Monje Libros
Orden de compra Compra 2015 Exp. 827-2158/15
Precio 213,30 (obra completa)
Fecha de recibido 20151229
Patrimonio UNQ PAT0062392
Número de inventario 54244
929 ## - DATOS DE ADQUISICION
Procedencia COMPRA
Proveedor El Monje Libros
Orden de compra Compra 2015 Exp. 827-2158/15
Precio 213,30 (obra completa)
Fecha de recibido 20151229
Patrimonio UNQ PAT0062395
Número de inventario 54245
929 ## - DATOS DE ADQUISICION
Procedencia COMPRA
Proveedor El Monje Libros
Orden de compra Compra 2015 Exp. 827-2158/15
Precio 213,30 (obra completa)
Fecha de recibido 20151229
Patrimonio UNQ PAT0063075
Número de inventario 54771
942 ## - ELEMENTOS DE PUNTO DE ACCESO ADICIONAL (KOHA)
Tipo de ítem Koha Libros
Suppress in OPAC 0
Existencias
Estado de retiro Estado de pérdida Ubicación permanente Ubicación actual Ubicación en estantería Fecha de ingreso Numeración serial Total Checkouts Signatura topográfica completa Inventario Date last seen Número de copia Tipo de ítem Koha Operador
    Biblioteca ESET - UNQ Biblioteca ESET - UNQ CIRCULACION 02/06/2016 v. 1   507 CIE 54244 02/06/2016 1 Libros CMG
    Biblioteca ESET - UNQ Biblioteca ESET - UNQ CIRCULACION 02/06/2016 v. 1   507 CIE 54245 02/06/2016 2 Libros CMG
    Biblioteca ESET - UNQ Biblioteca ESET - UNQ CIRCULACION 20/07/2016 v. 1   507 CIE 54771 20/07/2016 3 Libros CG

ESET UNQ

☏ 4365-7188
 Avenida República de Francia 1714 entre Doctor Kenny y Concordia, Ezpeleta, Bs As.
✉ secretaria_eset@unq.edu.ar

Con tecnología Koha